000 00244nam a2200097Ia 4500
005 20251222114415.0
008 251222s1900||||xx |||||||||||||| ||spa||
082 _aDVD0160/L43/2003
245 0 _aUn hombre y una mujer:A man and a woman
942 _cDVD
999 _c2208
_d2208